La Participación de la mujer campesina en Bolivia. Un estudio del Altiplano /

El objetivo del trabajo es sistematizar las experiencias de las mujeres campesinas en el camino hacia su doble superación en una importante coyuntura políica en Bolivia. Resalta algunos aspectos referentes a la problemática de la inserción de la mujer campesina en la estructura económica del país. A...

Disgrifiad llawn

Wedi'i Gadw mewn:
Manylion Llyfryddiaeth
Prif Awdur: Muños, Blanca
Fformat: Texto
Pynciau:
Tagiau: Ychwanegu Tag
Dim Tagiau, Byddwch y cyntaf i dagio'r cofnod hwn!

MARC

LEADER 00000 a a2200000 04500
001 11761
003
040
100 |a Muños, Blanca  
245 |a La Participación de la mujer campesina en Bolivia. Un estudio del Altiplano /  |c Blanca Muños 
520 |a El objetivo del trabajo es sistematizar las experiencias de las mujeres campesinas en el camino hacia su doble superación en una importante coyuntura políica en Bolivia. Resalta algunos aspectos referentes a la problemática de la inserción de la mujer campesina en la estructura económica del país. Analiza la trayectoria de la participación de la mujer en los procesos organizativos que culminaron con la creación de la 'Federación Nacional de Mujeres Campesinas'. Realiza el anmálisis del documento producido por el Primer Congreso Nacional de la Mujer Campesina (1980), como síntesis de una importante etapa de lucha y formulación de sus reinvindicaciones. SFA/mb  
650 |a PARTICIPACION DE LA MUJER  
650 |a DERECHOS DE LA MUJER  
650 |a POBLACION AGRICOLA  
650 |a TRABAJADORAS  
650 |a EDUCACION DE LA MUJER  
650 |a PARTICIPACION DE LA MUJER  
650 |a EXCEDENTES  
773 |g número 85.3; páginas 363-400  
999 |c 24516  |d 24516